<?xml version="1.0" encoding="UTF-8"?>
<record
    xmlns:xsi="http://www.w3.org/2001/XMLSchema-instance"
    xsi:schemaLocation="http://www.loc.gov/MARC21/slim http://www.loc.gov/standards/marcxml/schema/MARC21slim.xsd"
    xmlns="http://www.loc.gov/MARC21/slim">

  <leader>00366nam a2200145Ia 4500</leader>
  <controlfield tag="008">230519s9999    xx            000 0 und d</controlfield>
  <datafield tag="020" ind1=" " ind2=" ">
    <subfield code="a">978-81-909385-8-7</subfield>
  </datafield>
  <datafield tag="041" ind1=" " ind2=" ">
    <subfield code="a">eng</subfield>
  </datafield>
  <datafield tag="082" ind1=" " ind2=" ">
    <subfield code="a">C/004/JAI/DB0382</subfield>
  </datafield>
  <datafield tag="100" ind1=" " ind2=" ">
    <subfield code="a">Jain Pooja</subfield>
  </datafield>
  <datafield tag="245" ind1=" " ind2=" ">
    <subfield code="a">Introduction to Computers</subfield>
  </datafield>
  <datafield tag="260" ind1=" " ind2=" ">
    <subfield code="b">S Vikas and Co</subfield>
    <subfield code="a">Jalandhar</subfield>
    <subfield code="c">2013</subfield>
  </datafield>
  <datafield tag="300" ind1=" " ind2=" ">
    <subfield code="a">468p</subfield>
  </datafield>
  <datafield tag="999" ind1=" " ind2=" ">
    <subfield code="c">159193</subfield>
    <subfield code="d">159193</subfield>
  </datafield>
  <datafield tag="952" ind1=" " ind2=" ">
    <subfield code="0">0</subfield>
    <subfield code="1">0</subfield>
    <subfield code="4">0</subfield>
    <subfield code="7">0</subfield>
    <subfield code="8">C</subfield>
    <subfield code="a">BTIN</subfield>
    <subfield code="b">BTIN</subfield>
    <subfield code="d">2015-06-29</subfield>
    <subfield code="g">425.00</subfield>
    <subfield code="i">79</subfield>
    <subfield code="l">0</subfield>
    <subfield code="o">C 004 JAI DB0382</subfield>
    <subfield code="p">BTIN-DB-382</subfield>
    <subfield code="r">2023-05-19 00:00:00</subfield>
    <subfield code="w">2015-05-20</subfield>
    <subfield code="y">DB</subfield>
    <subfield code="z">DB0382</subfield>
  </datafield>
  <datafield tag="952" ind1=" " ind2=" ">
    <subfield code="0">0</subfield>
    <subfield code="1">0</subfield>
    <subfield code="4">0</subfield>
    <subfield code="7">0</subfield>
    <subfield code="8">C</subfield>
    <subfield code="a">BTIN</subfield>
    <subfield code="b">BTIN</subfield>
    <subfield code="d">2016-10-04</subfield>
    <subfield code="g">425.00</subfield>
    <subfield code="i">79</subfield>
    <subfield code="l">0</subfield>
    <subfield code="o">C 004 JAI DB0506</subfield>
    <subfield code="p">BTIN-DB-506</subfield>
    <subfield code="r">2023-05-19 00:00:00</subfield>
    <subfield code="w">2015-05-20</subfield>
    <subfield code="y">DB</subfield>
    <subfield code="z">DB0506</subfield>
  </datafield>
  <datafield tag="952" ind1=" " ind2=" ">
    <subfield code="0">0</subfield>
    <subfield code="1">0</subfield>
    <subfield code="4">0</subfield>
    <subfield code="7">0</subfield>
    <subfield code="8">C</subfield>
    <subfield code="a">BTIN</subfield>
    <subfield code="b">BTIN</subfield>
    <subfield code="d">2018-04-20</subfield>
    <subfield code="g">455.00</subfield>
    <subfield code="i">79</subfield>
    <subfield code="l">1</subfield>
    <subfield code="o">C 004 JAI DB0678</subfield>
    <subfield code="p">BTIN-DB-678</subfield>
    <subfield code="r">2023-10-13 00:00:00</subfield>
    <subfield code="s">2023-10-12</subfield>
    <subfield code="w">2015-05-20</subfield>
    <subfield code="y">DB</subfield>
    <subfield code="z">DB0678</subfield>
  </datafield>
</record>
